000 00363nam a2200145Ia 4500
008 230917s9999||||xx |||||||||||||| ||und||
040 _e48517
_aMAIN
041 _aEnglish
082 _a954.5 G869S
100 _aGrewal, J S
245 4 _aThe Sikhs of the Punjab
260 _aCambridge
_bCambridge University Press
_c1994
300 _axxv, 264 p.
942 _cBK
999 _c83523
_d83523